[Event "GAMMA Reykjavik Open 2019"]
[Site "Reykjavik"]
[Date "2019.04.15"]
[Round "8.27"]
[White "Ragnarsson, Dagur"]
[Black "Bentel, Robin"]
[Result "1-0"]
[WhiteElo "2380"]
[BlackElo "2130"]
[Annotator "TA"]
[PlyCount "97"]
[EventDate "2019.04.04"]
[EventType "swiss"]
[EventCountry "ISL"]
[SourceTitle "playchess.com"]
[Source "ChessBase"]
[SourceQuality "1"]

{[%evp 18,97,30,35,65,0,6,0,16,-19,0,-28,-24,-16,-34,-29,-32,-35,-17,-81,-41,-37,2,0,0,0,82,60,70,46,62,30,39,39,48,0,45,0,0,0,0,0,13,-136,29,27,20,0,16,17,207,-88,63,73,258,55,181,138,187,58,762,750,2963,2746,12811,12813,29990,29991,29994,29995,29995,29987,29987,29988,29988,29989,29989,29990,29990,29991,29991,29992]} 1. d4 Nf6 2. c4 g6 3. Nc3 Bg7 4. e4 d6 5. h3 O-O 6. Bg5 c5 7. d5 e6 8. Bd3 exd5 9. cxd5 a6 10. a4 Qc7 {A65: Modern Benoni: 6 e4} (10... Nbd7 11. Nf3 Re8 12. O-O Qe7 13. Nd2 h6 14. Be3 Ne5 15. Be2 g5 16. f4 gxf4 17. Bxf4 Nfd7 18. Bh5 Rf8 19. Bh2 Rb8 20. Qe2 {0-1 (36) Aczel,G (2549)-Indjic,A (2611) Budapest 2017}) 11. Nge2 (11. Nf3 $14) 11... Nbd7 $11 12. O-O Rb8 {The position is equal.} 13. Rc1 Ne5 $146 ({Predecessor:} 13... c4 14. Bb1 Nc5 15. Be3 b5 16. axb5 axb5 17. Nd4 Bd7 18. b4 Na6 19. Qd2 Rfe8 {0-1 (29) Petkov,V (2375)-Dragiev,V (2455) Sofia 2004}) 14. Bb1 h6 15. Be3 b5 16. axb5 axb5 17. b4 {White wants to play bxc5.} Nc4 18. Bf4 (18. Nxb5 $11 Nxe3 19. Nxc7 Nxd1 20. bxc5) 18... cxb4 19. Na2 {[%cal Bc3a2,Ba2b4,Bb4c6][%mdl 32]} g5 20. Be3 g4 21. h4 Nd7 (21... Nxe3 $11 22. fxe3 Qa5) 22. Nxb4 $16 Nde5 23. Bf4 Qe7 24. Bg3 Bd7 25. Nd4 Qf6 26. Nf5 Ra8 (26... Bxf5 $5 27. exf5 h5 $11) 27. Nc6 Bxf5 $1 28. exf5 h5 29. Re1 Ra3 30. Be4 {[#]} (30. Qe2 $11 {keeps the balance.}) 30... Bh6 $2 (30... Nd3 $1 $17 {[%cal Rd3c1][%mdl 512]} 31. Ne7+ (31. Bxd3 Nb2 $17) 31... Kh8 32. Qxd3 (32. Bxd3 Nb2 $17 {[%mdl 64] Double Attack}) 32... Rxd3 33. Bxd3 Ne5 34. Bxe5 dxe5) 31. Rb1 $11 Nd2 32. Nxe5 {aiming for Nd7.} dxe5 33. Rxb5 {Threatens to win with d6!} Rc8 $2 {[#]} (33... Nxe4 $11 {and Black has nothing to worry.} 34. Rxe4 Bf4) 34. Bb1 $2 {[#]} (34. d6 $1 $18 {[%mdl 512]} Nxe4 (34... Qxd6 35. Bxe5) 35. d7 (35. Rxe4 Rc1 $11)) 34... Qa6 $2 (34... Rxg3 $1 $17 35. fxg3 e4) 35. Rb2 $14 Nc4 $2 (35... Rxg3 $16 36. fxg3 Qa7+ 37. Kh1 Qf2) 36. Rb3 $2 ({Don't go for} 36. Bxe5 $2 Nxe5 37. Rc2 (37. Rxe5 $2 Rc1 $19) 37... Bg7 $19) (36. Rc2 $18) 36... Bf4 (36... Qa5 $14 37. Rxa3 Nxa3) 37. Bxf4 exf4 38. Bd3 (38. Rxa3 $18 Qxa3 39. Qd4) 38... Qd6 $2 {[%mdl 8192]} (38... Rxb3 $14 39. Qxb3 g3 40. Bxc4 Qxc4) 39. Bxc4 $18 Rxc4 40. Rxa3 {Ra8+ would kill now.} Qxa3 {[%mdl 4096] Endgame KQR-KQR} 41. d6 Qa5 42. d7 {White mates.} Rd4 43. Re8+ Kh7 44. Rh8+ {[%mdl 64] Decoy, Promotion} Kxh8 45. Qxd4+ {[%mdl 64] Double Attack} Kh7 46. d8=Q {[%csl Gd4][%cal Rd8h8]} Qe1+ 47. Kh2 {[%csl Gd4][%cal Rd8h8]} g3+ 48. fxg3 {[%mdl 64] Overworked Piece} Qxg3+ 49. Kh1 {Accuracy: White = 32%, Black = 30%.} 1-0

[Event "GAMMA Reykjavik Open 2019"]
[Site "Reykjavik"]
[Date "2019.04.15"]
[Round "8.28"]
[White "Lagarde, Maxime"]
[Black "Giacomini, Hector"]
[Result "1-0"]
[WhiteElo "2612"]
[BlackElo "2167"]
[Annotator "TA"]
[PlyCount "111"]
[EventDate "2019.04.04"]
[EventType "swiss"]
[EventCountry "ISL"]
[SourceTitle "playchess.com"]
[Source "ChessBase"]
[SourceQuality "1"]

{[%evp 14,111,-12,-12,-8,-17,1,-33,-19,-27,-31,-70,0,-55,-55,-72,-37,-62,-65,-50,-27,-25,-16,-21,0,0,0,0,0,0,0,0,0,0,0,0,0,0,0,-114,-14,-9,-25,-39,-40,-50,-11,-12,-21,-14,0,0,0,0,0,0,0,0,0,-193,8,23,42,33,41,46,36,0,0,0,0,0,45,40,108,0,109,0,303,323,389,398,370,385,1058,489,452,383,885,899,794,739,708,695,29976,29976,29965,29966,29992,29993]} 1. b3 d5 2. Bb2 e6 3. e3 Nf6 4. f4 Be7 5. Nf3 O-O 6. Bd3 c5 7. O-O Nc6 {[%cal Bb8c6,Bc6b4,Bb4d3][%mdl 32]} 8. Ne5 Bd7 {A03: Bird's Opening with 1...d5} (8... Nb4 9. Be2 Nd7 10. a3 Nc6 11. Nxc6 bxc6 12. d3 Bf6 13. Bxf6 Qxf6 14. Ra2 a5 15. a4 Ba6 16. c4 {½-½ (58) Manvelyan,H (2167)-Zavadsky,P (2290) San Francisco 2010}) 9. Nc3 $146 ({Predecessor:} 9. c4 Rc8 10. Nc3 Be8 11. cxd5 exd5 12. Bf5 Rb8 13. Ne2 Nd7 14. Ng4 f6 15. Ng3 Bd6 16. Qc2 {1-0 (24) Koptsiukh,V (2084)-Polulikh,B (1832) Lvov 2011}) 9... Nb4 10. Ne2 Nxd3 {Black is slightly better.} 11. cxd3 Bb5 12. Ng3 g6 (12... Nd7 $15 13. Qe2 Nxe5 14. fxe5 g6) 13. Rf3 (13. f5 $11) 13... Nd7 $15 14. Ng4 {[%cal Rg4h6]} f6 (14... d4 {is more complex.} 15. exd4 f5 16. Nf2 Bc6 17. dxc5 Bxc5 18. Re3 e5) 15. e4 d4 16. f5 $1 exf5 17. exf5 Bc6 18. Ne4 Ne5 (18... Qe8 {with more complications.} 19. b4 Kh8 20. fxg6 Qxg6 21. Rg3 Bxe4 22. Nf2 Qf7) 19. Nxe5 fxe5 20. fxg6 hxg6 21. Rg3 Bxe4 22. dxe4 Qd6 23. Qh5 Kg7 24. d3 $1 Rh8 25. Qe2 Raf8 26. Rg4 (26. Rf3 $11) 26... Qe6 (26... Bh4 $1 $17 {[%cal Rh4f2]} 27. g3 Bd8) 27. Bc1 $11 Rf7 28. Bd2 Rhf8 29. h3 $1 Qa6 (29... Rf2 $5 30. Qxf2 Rxf2 31. Kxf2 Qa6 $11) 30. Be1 {[#]} Rf1+ $1 {[%mdl 512]} 31. Kh2 (31. Qxf1 Rxf1+) 31... R8f2 32. Bxf2 Rxa1 33. Bg3 Bf6 34. Qf2 Qe6 $1 35. Qb2 Rf1 36. Qa3 $2 (36. Qe2 $11 {and White has nothing to worry.} Rc1 37. Qd2) 36... Qb6 $2 (36... Qa6 $1 $19 {[%cal Ra6a3]} 37. Qxc5 Qc6) 37. Qa4 Qc6 {And now ...Qxa4 would win.} 38. Qxa7 {Threatens to win with Qb8.} Qc7 39. Qa8 Qe7 40. Qc8 Kh7 41. h4 b5 42. Qc6 c4 43. dxc4 ({Much worse is} 43. Qxb5 c3 $15) 43... bxc4 (43... b4 $1 $14) 44. bxc4 $40 {[%mdl 128] White mounts an attack.} ({White has to play} 44. Qxc4 $16 Ra1 45. Qc8) 44... Rd1 (44... Kg7 $11) 45. Qd5 (45. a4 $1 $16) 45... d3 $2 {[%mdl 8192] [#]} (45... Rc1 $11 {and Black is okay.}) 46. Bf2 $1 $18 Kg7 {intending ...Qf7.} 47. h5 $1 g5 48. Rg3 Qd8 $2 {[#]} (48... Qe8 49. h6+ (49. Rxd3 Qxh5+ 50. Rh3 Rxd5 $14) 49... Kxh6 50. Rxd3 Rxd3 51. Qxd3 Qa8) 49. Qb7+ (49. h6+ $142 $1 Kh8 (49... Kxh6 50. Qf7) 50. Qf7) 49... Qe7 50. Qb3 Rd2 $2 (50... Rf1) 51. Be3 Re2 52. Qxd3 Rxa2 53. Qf1 Kh6 54. Qf5 {[%csl Gh5][%cal Rf5g6] White mates.} Qg7 55. Qe6 Ra8 56. Bxg5+ {Precision: White = 63%, Black = 36%.} 1-0

[Event "GAMMA Reykjavik Open 2019"]
[Site "Reykjavik"]
[Date "2019.04.15"]
[Round "8.29"]
[White "Bjornsson, Tomas"]
[Black "Cornette, Matthieu"]
[Result "0-1"]
[WhiteElo "2156"]
[BlackElo "2556"]
[Annotator "TA"]
[PlyCount "98"]
[EventDate "2019.04.04"]
[EventType "swiss"]
[EventCountry "ISL"]
[SourceTitle "playchess.com"]
[Source "ChessBase"]
[SourceQuality "1"]

{[%evp 15,98,19,46,-20,-11,-40,-16,-16,-16,-4,0,0,10,10,33,35,39,39,34,35,35,26,40,35,30,24,23,8,20,12,18,6,11,0,0,0,0,0,0,0,0,0,0,0,0,0,0,0,0,0,0,0,0,0,0,-69,-81,-75,-89,-104,-55,-57,-60,-131,-132,-168,-174,-492,-497,-478,-486,-474,-454,-432,-413,-395,-344,-348,-354,-877,-851,-862,-857,-849,-842]} 1. e4 c5 2. Nf3 Nc6 3. d4 cxd4 4. Nxd4 e5 5. Nb5 d6 6. N1c3 a6 7. Na3 b5 {[%cal Bb7b5,Bb5b4][%mdl 32]} 8. Nd5 Nge7 9. Nxe7 {B32: Sicilian: Löwenthal and Kalashnikov Variations} (9. c4 $14) (9. c4 Nxd5 10. cxd5 Nd4 11. Bd3 g6 12. O-O Bg7 13. Be3 O-O 14. Bxd4 exd4 15. Nc2 Bd7 16. Ne1 Qb6 17. Nf3 {0-1 (64) Karjakin,S (2753)-Naiditsch,A (2710) Astana 2019}) 9... Bxe7 $11 10. Be2 O-O 11. O-O {The position is equal.} Be6 $146 ({Predecessor:} 11... Nd4) 12. c4 b4 13. Nc2 Rc8 14. b3 Bg5 15. Bg4 Bxc1 16. Bxe6 fxe6 17. Rxc1 a5 18. Qd2 Qf6 19. f3 ({Stronger than} 19. Qxd6 Rfd8 $17) 19... Rfd8 20. Rcd1 Qe7 21. Qf2 Qc7 22. Rd3 Nb8 {[%cal Bc6b8,Bb8a6,Ba6c5][%mdl 32]} 23. Rfd1 Na6 24. Qd2 {[%cal Rd3d6]} Qb6+ 25. Qe3 Nc5 26. R3d2 Rc6 27. Ne1 a4 {White should prevent ...axb3.} 28. Kh1 axb3 29. axb3 Ra8 30. Rb1 h6 31. h3 Ra3 32. Nc2 Ra6 33. Ne1 Qa7 34. Nc2 Rcb6 35. f4 (35. Rdd1 $11) 35... exf4 $1 $15 36. Qxf4 Qf7 37. Qe3 Qg6 38. Re2 $1 Ra2 39. Qd4 (39. Ra1 $1 $15 Rxa1+ 40. Nxa1) 39... e5 $36 {[%mdl 2048] Black is really pushing.} 40. Qd5+ Kh7 41. Ra1 $2 {[#]} (41. Kh2) 41... Rxa1+ $19 42. Nxa1 Ra6 43. Nc2 Ra2 44. Kh2 Rb2 45. Nd4 Rxe2 46. Nxe2 Nxb3 47. Ng3 $2 {[#]} (47. Qb7 Nc5 48. Qxb4) 47... Nc5 {Black is clearly winning.} 48. Nf5 b3 49. Ne7 Qe6 {Accuracy: White = 53%, Black = 66%.} 0-1

[Event "GAMMA Reykjavik Open 2019"]
[Site "Reykjavik"]
[Date "2019.04.15"]
[Round "8.30"]
[White "Laustsen, Lars"]
[Black "Hambleton, Aman"]
[Result "0-1"]
[WhiteElo "2155"]
[BlackElo "2484"]
[Annotator "TA"]
[PlyCount "96"]
[EventDate "2019.04.04"]
[EventType "swiss"]
[EventCountry "ISL"]
[SourceTitle "playchess.com"]
[Source "ChessBase"]
[SourceQuality "1"]

{[%evp 13,96,72,59,4,73,41,120,124,122,66,79,23,29,4,29,0,0,0,39,38,52,33,54,47,48,0,0,0,0,0,0,0,0,-1,0,-9,0,0,0,0,0,0,0,0,0,0,0,0,0,0,0,0,0,0,0,0,0,-25,-25,-25,0,-25,0,0,8,-25,-25,-25,-25,-25,0,-25,0,0,0,0,0,0,0,-245,-263,-225,-225,-29984,-29985]} 1. d4 e5 2. dxe5 Nc6 3. Nf3 Qe7 4. Nc3 Nxe5 5. Nd5 Nxf3+ 6. gxf3 {A40: Unusual replies to 1 d4} Qd8 7. Bf4 d6 {LiveBook: 3 Games} 8. e4 (8. Qd4 $14) 8... Nf6 (8... c6 $11 {remains equal.}) 9. Bg5 Be7 ({Black should try} 9... c6 $14) 10. Nxe7 $16 Qxe7 11. Qd4 $146 (11. Rg1 $16) ({Predecessor:} 11. Qd2 h6 12. Be3 d5 13. exd5 Bf5 14. O-O-O Rd8 15. c4 b5 16. Re1 O-O 17. Rg1 Ne4 18. fxe4 Qxe4 19. Qc3 {1-0 (19) Lingnau,C (2421)-Kuegel,T (2268) Germany 2017}) 11... Qe5 $14 {[#]} 12. Qxe5+ ({White should play} 12. Be3 $1 $16) 12... dxe5 $11 13. Bc4 Ke7 (13... Nh5 {seems wilder.} 14. O-O-O f6 15. Be3 Ke7 16. Bc5+ Ke8) 14. f4 (14. Bh4 {is interesting.} Be6 15. Be2 h6 16. Bg3 Nd7 17. f4) 14... h6 15. Bxf6+ $1 gxf6 16. f5 Bd7 17. O-O-O Rad8 18. Rhg1 Rhg8 19. b4 Bc6 20. f3 Rxd1+ 21. Rxd1 {[%mdl 4096] Endgame KRB-KRB} h5 22. Bf1 Rg1 23. b5 Bd7 24. a4 h4 25. c4 Rh1 26. h3 b6 27. Bg2 Rxd1+ $1 28. Kxd1 {KB-KB} Kd6 {...Kc5 is the strong threat.} 29. Kd2 Kc5 30. Kc3 $1 Bc8 31. Bf1 Bb7 32. Bd3 c6 33. Bc2 Bc8 34. Bd3 a6 35. bxc6 Kxc6 36. Kb4 Bb7 37. Be2 Kd6 38. Bd1 (38. c5+ $5 bxc5+ 39. Ka5 $14) 38... Bc6 39. Kc3 Kc5 40. Bb3 Be8 41. Bc2 Bc6 42. Bb3 b5 43. cxb5 axb5 44. axb5 Bxb5 {aiming for ...Be2.} 45. Bxf7 Bf1 (45... Be2 $5 46. Bh5 $8 Bf1 $11) 46. Bh5 $2 (46. Kd2 $11 {and White has nothing to worry.}) 46... Bxh3 $19 47. Kd2 {[#]} Bxf5 $1 {[%mdl 512] Strongly threatening ...h3.} 48. exf5 $2 (48. Ke3 $19 h3 49. f4) 48... h3 {Precision: White = 41%, Black = 53%.} 0-1

[Event "GAMMA Reykjavik Open 2019"]
[Site "Reykjavik"]
[Date "2019.04.15"]
[Round "8.31"]
[White "Abrahams, Daniel"]
[Black "Thorfinnsson, Bjorn"]
[Result "1/2-1/2"]
[WhiteElo "2143"]
[BlackElo "2399"]
[Annotator "TA"]
[PlyCount "88"]
[EventDate "2019.04.04"]
[EventType "swiss"]
[EventCountry "ISL"]
[SourceTitle "playchess.com"]
[Source "ChessBase"]
[SourceQuality "1"]

{[%evp 13,88,6,11,8,27,20,41,38,52,55,54,56,64,30,36,0,9,6,22,23,28,0,0,0,0,0,0,-3,100,114,103,102,122,89,84,91,66,-25,51,-10,0,0,0,-137,-123,-195,-183,-202,-189,-185,-180,-191,-63,-62,-8,-8,0,-65,0,-6,0,-65,-61,-166,-129,-123,0,0,0,-214,-154,-148,-152,-145,-147,-4998,-4978]} 1. Nf3 d5 2. g3 c6 3. Bg2 Nf6 4. c4 Bf5 5. O-O e6 6. cxd5 exd5 7. d3 Be7 8. Qb3 {A11: English Opening: 1...c6} (8. Qc2 O-O 9. Nc3 Na6 10. a3 d4 11. Nb1 c5 12. Bg5 h6 13. Bxf6 Bxf6 14. Nbd2 Rc8 15. Rfe1 Qd7 {½-½ (68) Duda,J (2717)-Naiditsch,A (2705) Riadh 2017}) 8... Qb6 9. Qc2 Nbd7 10. Nc3 {White is slightly better.} h6 11. e4 dxe4 12. dxe4 Bh7 13. Be3 Qa6 14. Rfe1 O-O 15. Rad1 {[#]} Bb4 $146 ({Predecessor:} 15... Rfe8) 16. Nd4 $36 {[%mdl 2048] White is pushing.} Rad8 17. a3 (17. f3 {feels hotter.} Nd5 18. Bf2 Nxc3 19. bxc3 Bc5 20. Nb3) 17... Bxc3 18. Qxc3 Bxe4 19. Bxh6 c5 (19... gxh6 20. Bxe4 Nxe4 21. Rxe4 $16) 20. Bxg7 Kxg7 (20... cxd4 $11 {remains equal.} 21. Rxd4 Kxg7 22. Rdxe4 Kg8) 21. Rxe4 $16 cxd4 22. Rexd4 Qe6 23. Re1 {[%mdl 1024] White has strong compensation.} Rc8 24. Qd2 Qf5 25. Rf4 ({White should try} 25. g4 $14 Qg6 26. g5) 25... Qg6 (25... Qc2 $11 26. Qd4 Rfe8 27. Rg4+ (27. Be4 Qc5 $17) 27... Kh8) 26. Be4 (26. Bh3 $1 $14 Rfd8 27. Rd4) 26... Nxe4 27. Rexe4 Nf6 {[#]} 28. Qd4 (28. Rxf6 $1 $11 {[%mdl 512] keeps the balance.} Qxf6 29. Rg4+ Kh8 30. Rh4+ Kg7 31. Rg4+ Kh8 32. Rh4+ Kg8 33. Rg4+ Kh8) 28... Rfe8 $1 $17 {[%cal Re8e4]} 29. f3 {[#]} (29. Rxe8 $17 Rxe8 30. h4) 29... Rxe4 $1 $19 30. fxe4 Rc1+ 31. Kg2 Rc2+ 32. Kg1 Qh6 (32... Rc6 $19 {Hoping for ...Qh5.} 33. e5 Rc1+ 34. Kg2 Qc2+ 35. Kh3 Qc8+ 36. g4 Nh7) 33. h3 $15 Rc1+ (33... Rc7 $1 $15) 34. Kg2 $11 {aiming for e5.} Rc2+ (34... Rc7 $11) 35. Kg1 $1 $15 {Black must now prevent e5.} Rc1+ (35... Rc7 $1 $15) 36. Kg2 $11 Rc2+ (36... Rc7 $11) 37. Kg1 $1 $15 {Strongly threatening e5.} Rc7 $1 38. e5 {[#]} (38. Kh2 $15) 38... Ne8 $1 $19 ({Not} 38... Rc1+ $2 39. Kf2 $16) 39. e6+ Kf8 ({Better is} 39... f6 $17 40. Kh2 Rc2+ 41. Rf2 Rxf2+ 42. Qxf2 Qc1) 40. Qb4+ $11 Kg8 {...f5 is the strong threat.} 41. e7 $2 (41. exf7+ $11 {and White is okay.} Rxf7 42. Rxf7 Kxf7 43. Qxb7+ {[%mdl 64] Double Attack} Kf8 44. Qf3+ Nf6 45. Qa8+ Ke7 46. Qxa7+ Nd7 47. Qd4) 41... Qb6+ 42. Qxb6 axb6 43. Rg4+ Kh7 44. Rg8 $2 {[%mdl 8192]} (44. Rb4 $17) 44... Kxg8 {[%mdl 32768] Accuracy: White = 44%, Black = 46%. . An unexpected result.} 1/2-1/2

[Event "GAMMA Reykjavik Open 2019"]
[Site "Reykjavik"]
[Date "2019.04.16"]
[Round "9.1"]
[White "Parligras, Mircea-Emilian"]
[Black "Lupulescu, Constantin"]
[Result "1/2-1/2"]
[WhiteElo "2633"]
[BlackElo "2634"]
[Annotator "RC"]
[PlyCount "61"]
[EventDate "2019.04.04"]
[EventType "swiss"]
[EventCountry "ISL"]
[SourceTitle "playchess.com"]
[Source "ChessBase"]
[SourceQuality "1"]
[TimeControl "40/5400+30:1800+30"]

1. c4 {[%emt 0:00:00]} Nf6 {[%emt 0:00:00]} 2. Nf3 {[%emt 0:00:02]} e6 {[%emt 0:00:00]} 3. Nc3 {[%emt 0:00:21]} d5 {[%emt 0:00:08]} 4. d4 {[%emt 0:01:22]} Bb4 {[%emt 0:01:09]} 5. Bg5 {[%emt 0:00:38]} h6 {[%emt 0:00:36]} 6. Bxf6 {[%emt 0:00:08]} Qxf6 {[%emt 0:00:03]} 7. e3 {[%emt 0:00:26]} O-O {[%emt 0:01:10]} 8. Rc1 {[%emt 0:02:29]} dxc4 {[%emt 0:00:47]} 9. Bxc4 {[%emt 0:00:18]} c5 {[%emt 0:00:15]} 10. O-O {[%emt 0:03:51]} cxd4 {[%emt 0:01:21]} 11. Nxd4 {[%emt 0:02:58]} Bd7 {[%emt 0:01:57]} 12. Ne4 {[%emt 0:03:28]} Qe7 {[%emt 0:00:33]} 13. Be2 {[%emt 0:05:33]} Nc6 {[%emt 0:02:17]} 14. a3 {[%emt 0:03:27]} Nxd4 {[%emt 0:03:10]} 15. Qxd4 {[%emt 0:00:17]} Ba5 {[%emt 0:00:06]} 16. Qc5 {[%emt 0:04:45]} Qxc5 {[%emt 0:01:51]} 17. Nxc5 {[%emt 0:03:29]} Bc6 {[%emt 0:00:23]} 18. b4 {[%emt 0:01:07]} Bb6 {[%emt 0:01:08]} 19. Bf3 {[%emt 0:01:23]} Bxf3 {[%emt 0:05:23]} 20. gxf3 {[%emt 0:00:14]} Bxc5 {[%emt 0:00:12]} 21. Rxc5 {[%emt 0:00:24]} Rfc8 {[%emt 0:01:03]} 22. Rfc1 {[%emt 0:00:41]} Rxc5 {[%emt 0:00:36]} 23. Rxc5 {[%emt 0:00:10]} Rd8 {[%emt 0:01:58]} 24. Rc7 {[%emt 0:00:54]} Rd1+ {[%emt 0:00:56]} 25. Kg2 {[%emt 0:00:07]} Ra1 {[%emt 0:00:04]} 26. Rxb7 {[%emt 0:00:14]} Rxa3 {[%emt 0:00:05]} 27. f4 {[%emt 0:00:28]} a5 {[%emt 0:02:19]} 28. bxa5 {[%emt 0:00:59]} Rxa5 {[%emt 0:00:09]} 29. Rb8+ {[%emt 0:00:06]} Kh7 {[%emt 0:00:08]} 30. Rb7 {[%emt 0:00:05]} Kg6 {[%emt 0:00:12]} 31. h3 {[%emt 0:00:09]} 1/2-1/2

[Event "GAMMA Reykjavik Open 2019"]
[Site "Reykjavik"]
[Date "2019.04.16"]
[Round "9.2"]
[White "Jones, Gawain C B"]
[Black "L'Ami, Erwin"]
[Result "1/2-1/2"]
[WhiteElo "2698"]
[BlackElo "2647"]
[Annotator "TA"]
[PlyCount "148"]
[EventDate "2019.04.04"]
[EventType "swiss"]
[EventCountry "ISL"]
[SourceTitle "playchess.com"]
[Source "ChessBase"]
[SourceQuality "1"]

{[%evp 12,148,22,9,29,3,16,15,22,13,25,17,25,6,20,16,33,20,40,26,43,31,46,42,44,33,51,14,17,16,24,-6,29,12,27,25,14,18,15,-13,-7,-9,-5,-14,-10,-6,0,0,0,-9,0,0,0,-79,-36,-48,0,0,0,-54,-70,-72,0,-101,-106,-186,-158,-154,-156,-158,-141,-158,-168,-201,-207,-302,-229,-265,-262,-263,-261,-249,-92,-94,-96,-131,-131,-139,-156,-165,-162,-172,-162,-196,-168,-184,-189,-213,-210,-210,-210,-341,-176,-329,-337,-295,-300,-302,-300,-288,-291,-300,-294,-277,-115,-118,-123,-333,-179,-192,-69,-69,-69,-69,-69,-69,-69,-69,0,0,0,0,0,0,0,0,0,0,0]} 1. e4 e5 2. Nf3 Nc6 3. Bc4 Nf6 4. d3 Bc5 5. O-O ({Predecessor:} 5. c3 d6 6. Nbd2 O-O 7. O-O Be6 8. Re1 a5 9. h3 h6 10. Bb5 Bb6 11. Nf1 Ne7 12. d4 Ng6 {1-0 (78) Bayaraa,Z (2203)-Bantic,M (2195) Richardson 2008}) 5... h6 6. c3 d6 7. Re1 O-O {C54: Giuoco Piano: 4 c3 Nf6, main lines with 5 d4 and 5 d3} 8. Nbd2 a5 9. Nf1 Be6 10. Bb5 Bb6 $146 (10... Ne7 11. d4 exd4 12. cxd4 Bb6 13. Ng3 d5 14. e5 Ne4 15. Nxe4 dxe4 16. Rxe4 {1-0 (31) Adhiban,B (2683)-Grandelius,N (2694) Astana 2019}) 11. Ng3 Ne7 12. d4 Ng6 13. h3 c6 14. Bd3 Re8 15. Be3 Qc7 16. Qc2 Rad8 17. Rad1 a4 18. c4 Ra8 19. Rc1 exd4 20. Nxd4 Bc5 21. Ngf5 Bxf5 22. Nxf5 Ne7 23. Bxc5 dxc5 24. Nh4 Nd7 25. Be2 g5 26. Nf5 Nxf5 27. exf5 Nf6 28. Bf1 Re5 29. Rcd1 Kg7 30. g3 a3 31. bxa3 Rxa3 32. Bg2 (32. Re2 $11) 32... Qe7 33. Qb1 Rxe1+ 34. Rxe1 Qc7 35. Re2 (35. Bf1 $11) 35... Qd7 $36 {[%mdl 2048] Black has the initiative.} 36. Kh2 Qd3 (36... Rc3 $17 37. Rb2 Qd4) 37. Qb2 (37. Qxd3 $11 {keeps the balance.} Rxd3 38. Rb2) 37... Qxc4 $17 38. Rc2 (38. Qxa3 $17 Qxe2 39. Qxc5) 38... Qb4 39. Qe5 Qd4 40. Qe7 b6 41. Re2 Rd3 42. Qc7 Rd2 43. Re7 (43. Rxd2 $142 Qxd2 44. Qxc6 Qxa2 45. Qxb6 Qxf2 46. Qb3) 43... Qc4 ({Not} 43... Qxf2 44. Rxf7+ Kg8 45. Qc8+ Kxf7 46. Qe6+ Kf8 47. Qxf6+ Kg8 48. Qg6+ Kh8 49. Qf6+ Kh7 50. Qg6+ Kh8 51. Qxh6+ Kg8 52. Qg6+ Kh8 53. Qh6+ Kg8 54. Qg6+ Kh8 55. Qh6+ $11) 44. Qxc6 Rxf2 45. Qe6 Qxe6 46. fxe6 $19 {[%mdl 4096] Endgame [#] KRB-KRN} Re2 $2 ({Don't do} 46... Rxa2 47. Rxf7+ Kg6 48. Rb7 $17) (46... Nd5 $1 $19 {[%cal Rd5e7]} 47. Rb7 Ne3) 47. Rxf7+ $17 Kg6 48. Rb7 Rxe6 49. g4 Rd6 50. a4 {[#]} Nd7 $1 51. Bf1 Kf6 52. Bb5 Nf8 53. Kg3 Ke5 54. h4 gxh4+ 55. Kxh4 Ng6+ 56. Kh5 (56. Kg3 $142) 56... Nf4+ $19 57. Kh4 Kd4 58. a5 bxa5 59. Ra7 Rd5 60. Bc6 Ng6+ 61. Kh3 Rg5 62. Rxa5 Ne5 (62... c4 $19 {is more deadly.} 63. Rf5 Ne5) 63. Bb5 c4 64. Ba4 $2 (64. Ra4 $17 {was worth a try.}) 64... c3 (64... Nd3 $142 65. Rf5 Ke3) 65. Bc2 Ke3 ({Better is} 65... Nd3 $19 66. Ra7 Ke3) 66. Rd5 $15 Kf2 {White must now prevent ...h5.} 67. Rc5 h5 68. Bd1 hxg4+ {[#]} 69. Bxg4 $1 {[%mdl 512]} Rg8 (69... Rxg4 $15 70. Rxc3 Rf4) (69... Nxg4 70. Rxg5) 70. Rxe5 $11 {The position is equal.} Rh8+ 71. Bh5 Rxh5+ (71... c2 $5 72. Re2+ $8 {[%mdl 64] Double Attack} Kf1 73. Rxc2 Rxh5+ 74. Kg4 Rh8 $11) 72. Rxh5 Ke2 73. Rc5 Kd2 74. Rxc3 Kxc3 {Accuracy: White = 55%, Black = 56%.} 1/2-1/2